Histoire du drapeau du Koweït - Statistiques

Statistiques générales
  • Ce quiz a été pris 23 fois
  • Le résultat moyen est 5 sur 12
Statistiques - réponses
Hint Réponse % Correct
Koweït (drapeau actuel depuis 1961)
73%
Protectorat britannique du Koweït (1899-1914)
60%
Troisième drapeau de l'empire Ottoman (1793-1844)
53%
Ilkhanat de Perse (1256-1335)
53%
Premier drapeau de l'empire Ottoman (1516-1517)
47%
Empire timouride (1370-1507)
47%
Califat Omeyyades (661-750)
40%
Quatrième drapeau de l'empire Ottoman (1844-1899)
33%
Cheikhat du Koweït (1914-1961)
33%
Empire Sassanides (224-651)
33%
Deuxième drapeau de l'empire Ottoman (1517-1793)
27%
Califat Rachidun (651-661) et califat Abbasside (750-1256)
20%
Aucun quiz correspondant
Distribution des résultats
% des personnes avec chaque résultat
Percentile par nombre de réponses
Votre historique - résultats
Vous n’avez pas pris ce quiz